Independent activities for second grade / (Record no. 102165)
[ view plain ]
| 000 -LEADER | |
|---|---|
| fixed length control field | 00480nam a2200157 a 4500 |
| 005 - DATE AND TIME OF LATEST TRANSACTION | |
| control field | 20140412111230.0 |
| 008 - FIXED-LENGTH DATA ELEMENTS--GENERAL INFORMATION | |
| fixed length control field | 001120s19uu xx 00 eng d |
| 020 ## - INTERNATIONAL STANDARD BOOK NUMBER | |
| International Standard Book Number | 0-513-02007-1 |
| 050 ## - LIBRARY OF CONGRESS CALL NUMBER | |
| Classification number | TR(GS 372.3 |
| Item number | KIN |
| 100 ## - MAIN ENTRY--PERSONAL NAME | |
| Personal name | Kinghorm, Harriet |
| 245 ## - TITLE STATEMENT | |
| Title | Independent activities for second grade / |
| Statement of responsibility, etc | Harriet Kinghorn; illustrated by Liza Sernett. |
| 260 ## - PUBLICATION, DISTRIBUTION, ETC. (IMPRINT) | |
| Place of publication, distribution, etc | Minneapolis : |
| Name of publisher, distributor, etc | T. D. Denison andCo. Inc, |
| Date of publication, distribution, etc | 1990. |
| 300 ## - PHYSICAL DESCRIPTION | |
| Extent | 31 p. |
| 500 ## - GENERAL NOTE | |
| General note | Activity book |
| Withdrawn status | Lost status | Damaged status | Home library | Current library | Shelving location | Date acquired | Total Checkouts | Full call number | Barcode | Date last seen | Price effective from | Koha item type |
|---|---|---|---|---|---|---|---|---|---|---|---|---|
| Elizalde Library | Elizalde Library | Teachers Reference Section | 11/20/2000 | TR(GS 372.3 KIN | E0666 | 04/12/2014 | 04/12/2014 | Books |